| 000 | 00335nam a2200109Ia 4500 | ||
|---|---|---|---|
| 005 | 20251222114359.0 | ||
| 008 | 251222s1900||||xx |||||||||||||| ||spa|| | ||
| 082 | _aDVD0099/S83/2005 | ||
| 245 | 0 | _aLa odisea de Jacques Cousteau: el Calipso busca la Atlántica (Parte I y II) | |
| 264 | _bCousteau, Jacques. Cousteau, Philipe | ||
| 942 | _cDVD | ||
| 999 |
_c1560 _d1560 |
||